000 00852nam a2200265 i 4500
001 C2-0305601
003 PPAK
005 20180728090917.0
008 100826s2010 my a|||| ||||| | may d
020 _a9789675262715
040 _aPPAK
_beng
_cPPAK
_erda
082 0 4 _a320.9595
_223
090 0 0 _a320.9595
_bNUR
_dK
100 0 _aNurul 'Ula Noor Aaisa,
_eauthor
245 1 0 _aNilai ketabahan
264 1 _aPetaling Jaya, Selangor :
_bEdition Plus ,
_c2010
300 _a28 pages :
_bcolour illustrations ;
_c22 cm
336 _2rdacontent
_atext
337 _2rdamedia
_aunmediated
338 _2rdacarrier
_avolume
490 1 _aSiri nilai dalam 1Malaysia
650 1 0 _aMalaysia - Race relations - Juvenile literature. ; Malaysia - Politics and government - Juvenile literature.
830 0 _aSiri nilai dalam 1Malaysia
942 _ddc
_cB
999 _c108597
_d108597